000 01166nam0a2200301 4500
001 RU\NLR\bibl\1414559
005 20250615212330.0
010 _a978-5-85693-323-8
_9300
021 _aRU
_b2009-55597
_93426
035 _a(NLR Aleph) 001406530
090 _a1255520
_c1255520
100 _a20090919d2008 |||y0rusy50 ca
101 0 _arus
102 _aRU
105 _aa |||||||||
200 1 _aИндикативное планирование. Управление региональной системой образования
_fВ.И. Тютрин
_gМ-во образования и науки Рос. Федерации
210 _aУлан-Удэ
_cБэлиг
_d2008
215 _a216 с.
_cил.
_d21
320 _aБиблиогр.: с. 202-216 (287 назв.)
606 1 _aОбразование
_xУправление
_yРоссийская Федерация
_92316694
_3RU\NLR\auth\661386177
686 _aЧ34(2Р)к
700 1 _aТютрин
_bВ. И.
_gВиктор Иванович
_4070
801 0 _aRU
_bNLR
_c20090919
_gRCR
801 1 _aRU
_bNLR
_c20090919
830 _aАвт. по кн.
942 _cBOOK
980 _aNB